000 00779nam a2200217Ii 4500
003 JO-AjNU
008 230605s9999||||xx |||||||||||||| ||und||
017 _a2001/11/2339
040 _aJO-AjNU
_bara
_erda
_cJO-AjNU
041 _aara
050 1 4 _aKBP632.32.U926.2003
100 3 _a العزيزي ، محمد رامز عبد الفتاح ,
_eauthor
_915467
245 0 0 _aالميراث والوصية ووصيت القانون والبديل الشرعي لها
250 _a(د،ط)
264 3 1 _aعمان : دار الفرقان ، 2003
300 _a145ص
336 _atext
_btxt
_2rdacontent
337 _aunmediated
_bn
_2rdamedia
338 _avolume
_bnc
_2rdacarrier
650 4 _aالشريعة الاسلامية - الاسلام - الإرث بوصية
_915468
999 _aA4375
_c7943
_d7943